000 01181nam a22002177a 4500
999 _c57206
_d57206
003 Ge_BSU
005 20200116111713.0
008 200116s2019 ge ||||| |||| 00| 0 geo d
020 _a978994126119
041 _ageo
080 _a338+63+796.5 ა-16
100 _aაბესაძე, თეიუმურაზ.
_96146
245 _aსოფლად კერძო საკარმიდამოს საფუძველზე ტურიზმის ბიზნესის განვითარების მიზანშწონილობის შეფასება :
_bსასწავლო - მეთოდური სახელმძღვანელო /
_cთეიმურაზ აბესაძე ; სალომე ბესტაევა.
264 _aბათუმი :
_bუნივერსალი,
_c2019.
300 _a87 გვ.:
_bილ .;
_c25 სმ.
653 _aტურიზმი
653 _aეკონომიკა
700 _aბესტაევა, სალომე
_96128
700 _aბერიძე, როსტომ
_eრედაქტორი
_91686
942 _2udc
_cBK